La Nova Europa social i els municipis : 24 i 25 d'octubre de 1996 24 i 25 d'octubre de 1996
Publicado:
[Barcelona] :
Patronat Flor de Maig, Diputació de Barcelona ; Cerdanyola del Vallès : CIFA, Centre d'Investigació, Formació i Assessorament, [1996?]
Descripción Física:
[13] p. ; 20 cm
MARC
| LEADER | 00000nam a2200000Ia 4500 | ||
|---|---|---|---|
| 001 | 14912 | ||
| 008 | 160829s9999 xx 000 0 cat d | ||
| 080 | |a FU-31-98 | ||
| 245 | |a La Nova Europa social i els municipis : |b 24 i 25 d'octubre de 1996 | ||
| 260 | |a [Barcelona] : |b Patronat Flor de Maig, Diputació de Barcelona ; Cerdanyola del Vallès : |b CIFA, Centre d'Investigació, Formació i Assessorament, [1996?] | ||
| 300 | |a [13] p. ; |c 20 cm | ||
| 590 | |a Programa de les jornades. | ||
| 590 | |a Hi col·labora el Gabinet d'Integració Europea i Solidaritat | ||
| 650 | |a Canvi social |9 38945 | ||
| 651 | 0 | |a Europa |x Política social |9 55203 | |
| 651 | 0 | |a Catalunya |x Política social |9 55204 | |
| 710 | 2 | |a Centre d'Investigació, Formació i Assessorament |9 53068 | |
| 710 | 1 | |a Barcelona (Catalunya : Província). |b Gabinet d'Integració Europea i Solidaritat |9 55940 | |
| 901 | |a Arxiu | ||
| 942 | |n 1 | ||
| 952 | |0 0 |1 0 |4 0 |6 FU3198 |7 1 |9 48704 |a Arxiu |b Arxiu |d 2016-12-01 |l 0 |o FU-31-98 |p 14912 |r 2016-12-01 00:00:00 |w 2016-12-01 |y ARXIU | ||
| 999 | |c 52534 |d 52534 | ||